000 00853nam a2200301Ia 4500
001 Z_1020
003 CHAP
008 220113s1989 xx 000 0 und d
010 _a164100
040 _cCHAP
082 _a636.0892 I5
100 _aInternational Symposium of Animal Physiology and Genetic Research (1988: Babraham, Cambridge)
_9138179
245 _aBiotechnology in growth regulation /
_ced. by R.B. Heap, C.G. Prosser and G.E. Lamming
260 _aLondon :
_bButterworth,
_c1989
300 _a286 p. :
_bilus
440 _a
500 _a
503 _a153548
650 _aAnimales domésticos
_xCrecimiento
_95895
650 _aBiotecnología
_912878
650 _aGanadería
_xInnovaciones tecnológicas
_944755
901 _a636.0892 I5
902 _aA
910 _a1989
942 _c1
942 _cc1
999 _c164100
_d164100